01569nam a22003617a 4500003000500000005001700005008004100022010001000063011001000073035001000083040000900093082001600102110001800118245005100136260008000187300001100267590004100278590004100319590004100360590004200401650003700443700004200480700003800522901000700560942001000567949006300577949006600640949007100706999001700777952013600794952014100930952013601071CHAP20220329135431.0971013s1981 r 00010 d a36369 a37341 a41461 cCHAP a631.44bO78 aORSTOM983755 aClasificación francesa de suelos (CPCS-1967) aChapingo, Méx. :bColegio de Postgraduados. Centro de Edafología,c1981 a141 p. aBATCH-UPDb10c20130110lUCH01h2020 aBATCH-UPDb10c20130410lUCH01h1338 aBATCH-UPDb10c20130914lUCH01h1854 aCONVERSIONb10c20130109lUCH01h132014aSuelosxClasificación.91102390 aOrtiz Solorio, Carlos Alberto.9840670 aTorres Guzmán, Jaime A.9114127 aBK cLIBRO a631.44 O78bBCcLIBROd-95070eLIBROfc.2h57620i41461si a631.44 O78bBCcLIBROd33724000071890eLIBROh57619i41461si a631.44 O78bBCcLIBROd33724000218392eLIBROfc.3h59739i41461si c36369d36369 00102ddc4052708GRALaBCbBCcPP_GRALd2019-12-31fLIBROl0o631.44 O78p33724000071890r2019-12-31 00:00:00w2019-12-31yLIBRO 00102ddc4052708GRALaBCbBCcPP_GRALd2019-12-31fLIBROl0o631.44 O78p33724000218392r2019-12-31 00:00:00tc.3w2019-12-31yLIBRO 00104051708UACHaBCbBCcPA_UACHd2019-12-31fLIBROl0o631.44 O78p33724002471751r2019-12-31 00:00:00tc.2w2019-12-31yLIBRO